Synchro Bus Chambéry - Ligne A - Statistiques

Statistiques générales
  • Ce quiz a été pris 7 fois
    5 depuis la dernière actualisation
  • Le résultat moyen est 23 sur 28
Statistiques - réponses
Arrêts % Correct
Gare
100%
Grenette
100%
Halles
100%
Hôpital Maché
100%
Landiers Sud
100%
Plage
100%
Roselend
100%
Technolac
100%
Université Jacob
100%
Villarcher
100%
Adoma
75%
Balme
75%
Bel Air
75%
Biollay
75%
Boisse
75%
Buet
75%
Chamnord Revard
75%
Clemenceau
75%
Hôtel de Police
75%
INES Sud
75%
La Traverse
75%
Mairie le Bourget
75%
Passerelle
75%
Polygone
75%
Pouli
75%
Prairie
75%
Université le Bourget
75%
Chamnord Nivolet
50%
Aucun quiz correspondant
Distribution des résultats
% des personnes avec chaque résultat
Percentile par nombre de réponses
Votre historique - résultats
Vous n’avez pas pris ce quiz depuis la dernière actualisation